Employment contract and the changed wold of work (Record no. 1302433)

MARC details
000 -LEADER
fixed length control field 00565nam a2200205Ia 4500
005 - DATE AND TIME OF LATEST TRANSACTION
control field 20250326144123.0
008 - FIXED-LENGTH DATA ELEMENTS--GENERAL INFORMATION
fixed length control field 250326s9999 xx 000 0 und d
020 ## - INTERNATIONAL STANDARD BOOK NUMBER
International Standard Book Number 978-0-7546-4754-6
037 ## - SOURCE OF ACQUISITION
Stock number Textbook
040 ## - CATALOGING SOURCE
Original cataloging agency FMSL
Language of cataloging eng
Transcribing agency FMSL
041 ## - LANGUAGE CODE
Language code of text/sound track or separate title eng
Source of code eng
084 ## - COLON CLASSIFICATION NUMBER
Classification number X:95 P7
Assigning agency FMSL
100 ## - MAIN ENTRY--PERSONAL NAME
Personal name Vettori S
9 (RLIN) 749073
245 #0 - TITLE STATEMENT
Title Employment contract and the changed wold of work
Statement of responsibility, etc. Vettori S
260 ## - PUBLICATION, DISTRIBUTION, ETC.
Place of publication, distribution, etc. USA
Name of publisher, distributor, etc. USA, Ashgate
Date of publication, distribution, etc. 2007
300 ## - PHYSICAL DESCRIPTION
Extent 198p
365 ## - TRADE PRICE
Price amount 4945.1999999999998
942 ## - ADDED ENTRY ELEMENTS (KOHA)
Koha item type Textbook
Classification part X:95 P7
Holdings
Withdrawn status Lost status Damaged status Not for loan Home library Current library Date acquired Source of acquisition Cost, normal purchase price Total Checkouts Full call number Barcode Date last seen Price effective from Koha item type
        Faculty of Management Library Faculty of Management Library 2025-03-26 Kamana Book Distributors 4945.20   X:95 P7 ML1352116 2025-03-26 2025-03-26 Textbook
Copyright @ Delhi University Library System